La otra Penélope / (Registro nro. 7428)

Detalles MARC
000 -LIDER
fixed length control field 00843nam a2200301 a 4500
001 - NÚMERO DE CONTROL
Identificador de número de control 000035553
003 - IDENTIFICACDOR DE NÚMERO DE CONTROL
control field DO-SdBNP
005 - DATE AND TIME OF LATEST TRANSACTION
control field 20170929104036.0
007 - CAMPOS FIJOS DE DESCRIPCIÓN FÍSICA
fixed length control field 000035553
008 - ELEMENTOS DE LONGITUD FIJA
fixed length control field 091113s2011 dr 000 f spa d
020 ## - ISBN
International Standard Book Number 9789945429206
040 ## - FUENTE DE CATALOGACIÓN
Agencia que crea de manera original el registro BPMSU
Idioma de catalogación spa
Agencia que realiza la transcripción BPMSU
082 ## - NÚMERO DE CLASIFICACIÓN DECIMAL DE DEWEY
Classification number RD863.44
Item number M425o, 2011
100 1# - ASIENTO PRINCIPAL -- NOMBRE PERSONAL
Nombre personal Mateo, Andrés L.,
Fechas asociadas con el nombre 1946 -
245 13 - MENCIÓN DE TITULO
Título La otra Penélope /
Mención de responsabilidad Andrés L. Mateo.
250 ## - MENCIÓN DE EDICION
Mención de edición 2a ed.
260 ## - PUBLICACIÓN, DISTRIBUCIÓN, ETC. (PIE DE IMPRENTA)
Lugar de publicación, distribución, etc Santo Domingo :
Nombre del editor, distribuidor, etc. Alfaguara,
Fecha de publicación, distribución, etc 2011.
300 ## - DESCRIPCIÓN FÍSICA
Extensión 108 p. ;
Dimensiones 23 cm.
490 1# - MENCIÓN DE SERIES
Mención de serie Alfaguara
586 ## - AWARDS NOTE
Awards note Premio Nacional de Literatura
650 #4 - ENCABEZAMIENTO DE MATERIA--TEMÁTICO
Término temático o nombre geográfico como elemento de entrada NOVELA DOMINICANA
650 #4 - ENCABEZAMIENTO DE MATERIA--TEMÁTICO
Término temático o nombre geográfico como elemento de entrada LITERATURA DOMINICANA
830 #0 - ASIENTO SECUNDARIO DE SERIE--TÍTULO UNIFORME
Título uniforme Alfaguara
910 ## - VALIDACIÓN
Validación Validado. Control de calidad BNPHU
942 ## - ADDED ENTRY ELEMENTS (KOHA)
Source of classification or shelving scheme Dewey Decimal Classification
Koha item type Libros
945 ## - INFORMACIÓN DE PROCESAMIENTO LOCAL
Información de procesamiento local Inventariado / 2017 VM
956 ## - LOCAL ELECTRONIC LOCATION AND ACCESS (OCLC)
Nombre de host VMATEO
Número de acceso 10
Información de compresión 20150905
Inicio de sesión BPMSU
Procesador de solicitud 1118
Existencias
Withdrawn status Lost status Source of classification or shelving scheme Damaged status Not for loan Collection code Home library Current library Date acquired Total Checkouts Full call number Barcode Date last seen Price effective from Koha item type Copy number
    Dewey Decimal Classification       Biblioteca Pública Metropolitana Salomé Ureña Biblioteca Pública Metropolitana Salomé Ureña 06/02/2015   RD863.44 M425o 2011 BPMSU15060003 06/02/2015 06/02/2015 Libros  
    Dewey Decimal Classification       Biblioteca Pública Metropolitana Salomé Ureña Biblioteca Pública Metropolitana Salomé Ureña 06/02/2015   RD863.44 M425o 2011 BPMSU15060004 06/02/2015 06/02/2015 Libros ej. 2
    Dewey Decimal Classification       Biblioteca Pública Metropolitana Salomé Ureña Biblioteca Pública Metropolitana Salomé Ureña 07/17/2015   RD863.44 M425o 2011 BPMSU15070224 07/17/2015 07/17/2015 Libros ej. 3